Stanislav Šmatlák. Personálna bibliografia

Bibliographic Details
Main Authors: Rusnáková, Ľuba, 1946- (Author), Gerbocová, Jarmila (Author)
Format: Article
Language:Slovak
Subjects:

MARC

LEADER 00000nab a2200000 a 4500
001 vtls000359335
003 SK-MaSNL
005 20260304021103.0
008 140422c1989 xo 0 slo
015 |a SNBRB19rr/mm-uuuuu 
035 |a CL0359457 
040 |a SNKBUCL  |b slo  |c SNKBUCL  |e AACR2 
041 0 |a slo 
044 |a xo  |c SK 
080 |a 82:012(048)  |2 1981 
080 |a 012(048)  |2 1981 
080 |a 885.4  |2 1981 
080 |a 012(437.6)  |2 1981 
080 |a 82  |2 1981 
080 |a 929  |2 1981 
080 |a 885.4(048)  |2 1981 
080 |a 929(048)  |2 1981 
080 |a 929 Šmatlák, Stanislav  |2 1981 
100 1 |a Rusnáková, Ľuba,  |d 1946-  |4 aut  |9 105934 
245 1 0 |a Stanislav Šmatlák. Personálna bibliografia  |c Ľuba Rusnáková 
500 |a V rubrike Recenzie. 
600 1 7 |a Šmatlák, Stanislav,  |d 1925-2008  |2 snkbucl  |9 105135 
650 0 7 |a bibliografie personálne  |2 snkbucl  |9 475375 
655 7 |a články z novín a časopisov  |2 snkbucl  |9 267496 
655 7 |a články z odboru literárna veda a krásna literatúra  |2 snkbucl  |9 770045 
700 1 |a Gerbocová, Jarmila  |4 aut  |9 9884 
773 0 |t Literárny týždenník  |g Roč. 2, č. 33 (1989), s. 5 
787 0 8 |i Rec.:  |a Gerbócová, Jarmila  |t Stanislav Šmatlák. Personálna bibliografia  |d Martin : Matica slovenská, 1988 
850 |a Slovenská národná knižnica v Martine  |a MTA001 
852 |a SNK  |b KIS3GCP 
958 |a RK 
958 |a LX 
999 |c 2603307  |d 2605237